Clash Royale Quiz - Statistics

General Stats
  • This quiz has been taken 1,549 times
    1,547 since last reset
  • The average score is 11 of 15
Answer Stats
Hints Answer % Correct
The Legendary dragon inferno dragon
94%
A group of Larrys skeleton army
92%
Girls with bows archers
84%
A freezing wizard ice wizard
84%
A zapping wizard electro wizard
83%
A man made of rocks golem
82%
A digging man miner
82%
A fire tower inferno tower
81%
Someone that cuts down trees lumberjack
79%
The electric tank sparky
75%
A spell of the undead graveyard
72%
A boy witch wizard
66%
The best archer princess
60%
Green things in barrels goblins
58%
A spell that increaces speed rage spell
53%
No matching quizzes found
Score Distribution
Percent of People with Each Score
Percentile by Number Answered
Your Score History
You have not taken this quiz since the last reset